MARC

LEADER 00000nam a2200000Ia 4500
001 14366
008 160829s1988 xx 000 0 cat d
080 |a D-3-3 
100 |a Espanya. Lleis, etc.  |9 23269 
245 |a Ley general presupuestaria 
260 |a [Madrid] :  |b Impr. Nacional del Boletín Oficial del Estado,  |c 1988 
300 |a 51 p. ;  |c 20 cm 
490 |a Separata / Boletín Oficial del Estado (Espanya) 
590 |a Conté: Real Decreto Legislativo 1091/1988, de 23 de septiembre, por el que se aprueba el texto refundido de la Ley General Presupuestaria 
650 0 |a Pressupost  |z Espanya  |x Dret i legislació  |9 28902 
901 |a Arxiu 
942 |n 1 
952 |0 1  |1 0  |2 udc  |4 0  |5 2  |6 D33  |7 1  |9 42642  |a Arxiu  |b Arxiu  |d 2016-12-01  |l 0  |o D-3-3  |p 14366  |r 2016-12-01 00:00:00  |w 2016-12-01  |y ARXIU 
999 |c 45148  |d 45148